000 00784nam a2200265 i 4500
001 C2-0302101
003 PPAK
005 20180728083226.0
008 100107s2010 my a|||| ||||| | may d
020 _a9789675155727
040 _aPPAK
_beng
_cPPAK
_erda
082 0 4 _a499.2386
_223
090 0 0 _a499.2386
_bPEG
_dK
245 0 0 _aPegangan adat turun-temurun
264 1 _aKuala Lumpur :
_bPenerbit Sinar Cemerlang ,
_c2010
300 _a44 pages :
_billustrations ;
_c26 cm
336 _2rdacontent
_atext
337 _2rdamedia
_aunmediated
338 _2rdacarrier
_avolume
490 1 _aSusur galur antropologi Melayu
650 1 0 _aBahasa Malaysia - Readers.
700 0 _aHalimah Abdul Rahman,
_ecompile
830 0 _aSusur galur antropologi Melayu
942 _ddc
_cB
999 _c105805
_d105805